zpět

Detail výsledku týmu

Kentaur ÚT, Brno

Datum a čas kvízu

30 Celkem bodů Celkový počet nahraných bodů na tomto kvízu bez doplňovacích otázek.
3. Pořadí na kvízu Konečné umístění týmu na tomto kvízu.

Zaznamenané odpovědi

# Otázka Odpověď Body Výsledky
1. V pondělí odpoledne došlo k za... Merkur 1
2. Ruské ministerstvo spravedlnos... Člověk v tísni 1
3. Příslušníci jistého náboženstv... o sikhismus 1
4. Čínská firma Huawei rozdá svým... trumpovné 1
5. Ve kterém českém městě se odeh... v Plzni 1
6. Téma o tomto komikovi si vybra... v Litoměřicích 1
7. Jak se jmenuje herečka zdatně... Iva Janžurová 0
8. Ve scénce Luštitel křížovek Ho... Právě proto tam budou vzácný. 0
9. Kde se odehrává tato scénka? A... B) na hřbitově 0
10. Ve scénce V restauraci hraje H... To vám snad stačí, ne? 0